Largest U.S Cities that aren't largest in state - Statistics

General Stats
  • This quiz has been taken 71 times
  • The average score is 8 of 10
Answer Stats
Population Answer % Correct
1,341,075 Dallas, TX
98%
1,419,516 San Diego, CA
95%
884,363 San Francisco, CA
93%
1,511,946 San Antonio, TX
91%
1,035,317 San Jose, CA
86%
950,715 Austin, TX
84%
683,577 El Paso, TX
76%
874,168 Fort Worth, TX
74%
652,236 Memphis, TN
55%
535,677 Tucson, AZ
50%
No matching quizzes found
Score Distribution
Percent of People with Each Score
Percentile by Number Answered
Your Score History
You have not taken this quiz